Education and the development of Meslim Nationalism in Pre- partition India / (Record no. 642)
[ view plain ]
| 000 -LEADER | |
|---|---|
| fixed length control field | 00613nam a2200217 a 4500 |
| 001 - CONTROL NUMBER | |
| JCCL Control Number | 642 |
| 003 - CONTROL NUMBER IDENTIFIER | |
| JCCL marc code | BD-JhCC |
| 005 - DATE AND TIME OF LATEST TRANSACTION | |
| control field | 20171008115530.0 |
| 008 - FIXED-LENGTH DATA ELEMENTS--GENERAL INFORMATION | |
| fixed length control field | 171008s1965 ii |||| |||| 00| 0 eng d |
| 035 ## - SYSTEM CONTROL NUMBER | |
| system control number | (BD-JhCC)642 |
| 040 ## - CATALOGING SOURCE | |
| Original cataloging agency | BD-JhCC |
| Modifying agency | BD-JhCC |
| 041 ## - LANGUAGE CODE | |
| Language code of Book | eng |
| 082 ## - DEWEY DECIMAL CLASSIFICATION NUMBER | |
| Classification number | 370.954 |
| Author mark and Year | THO 1965 |
| 100 ## - MAIN ENTRY--PERSONAL NAME | |
| Personal name | Thorpe, C. Lloyd |
| 245 ## - TITLE STATEMENT | |
| Title | Education and the development of Meslim Nationalism in Pre- partition India / |
| Statement of responsibility, etc | C. Lloyd Thorpe |
| 260 ## - PUBLICATION, DISTRIBUTION, ETC. (IMPRINT) | |
| Place of publication, distribution, etc | Karachi : |
| Name of publisher, distributor, etc | Pakistan Historical Society, |
| Date of publication, distribution, etc | 1965 |
| 300 ## - PHYSICAL DESCRIPTION | |
| Pagination | 90 p. : |
| Dimensions | 21 cm. |
| 650 ## - SUBJECT ADDED ENTRY--TOPICAL TERM | |
| Topical term or geographic name as entry element | Islamic Education |
| Geographic subdivision | India |
| 942 ## - ADDED ENTRY ELEMENTS (KOHA) | |
| Source of classification or shelving scheme | Dewey Decimal Classification |
| Koha item type | Books |
| Source of classification or shelving scheme | Damaged status | Not for loan | Home library | Current library | Shelving location | Cost, normal purchase price | Total Checkouts | Full call number | Barcode | Date last seen | Copy number | Koha item type |
|---|---|---|---|---|---|---|---|---|---|---|---|---|
| Dewey Decimal Classification | JCC Rouf Library | JCC Rouf Library | General Stacks | 6.00 | 370.954 THO 1965 | 1135 | 10/08/2017 | C-1 | Books |